Reprezentacje na Zimowych Igrzyskach Olimpijskich 2026 - Statystyki

Ogólne statystyki
  • Ten quiz został rozwiązany 47 razy
  • Średni wynik to 65 z 93
Statystyki odpowiedzi
Reprezentacja Liczba uczestników % Poprawnych
Stany Zjednoczone 235
100%
Czechy 114
98%
Kanada 211
98%
Polska 60
98%
Austria 117
95%
Chiny 126
95%
Finlandia 103
95%
Francja 162
95%
Japonia 121
95%
Niemcy 189
95%
Norwegia 80
95%
Słowacja 53
95%
Szwajcaria 175
95%
Szwecja 110
95%
Włochy 195
95%
Australia 54
93%
Brazylia 15
93%
Korea Południowa 73
93%
Portugalia 3
93%
Słowenia 37
93%
Węgry 15
93%
Estonia 32
90%
Hiszpania 20
90%
Holandia 39
90%
Litwa 17
90%
Łotwa 68
90%
Ukraina 46
88%
Argentyna 8
85%
Belgia 30
85%
Chorwacja 14
85%
Turcja 8
85%
Wielka Brytania 55
85%
Bułgaria 20
83%
Dania 39
83%
Liechtenstein 8
83%
Nowa Zelandia 17
83%
Serbia 3
83%
Sportowcy neutralni 20
83%
Meksyk 5
80%
Rumunia 29
80%
Chile 4
78%
Grecja 5
78%
Irlandia 4
78%
Islandia 4
78%
Kazachstan 36
78%
Południowa Afryka 5
78%
Andora 7
76%
Indie 2
76%
Bośnia i Hercegowina 5
73%
Czarnogóra 2
73%
Kosowo 2
73%
Albania 4
71%
Gruzja 8
71%
San Marino 1
71%
Iran 4
68%
Luksemburg 2
68%
Maroko 2
68%
Monako 1
66%
Armenia 5
63%
Boliwia 1
63%
Izrael 10
63%
Mołdawia 5
63%
Macedonia Północna 4
61%
Urugwaj 1
61%
Arabia Saudyjska 2
59%
Mongolia 3
59%
Zjednoczone Emiraty Arabskie 2
59%
Jamajka 7
56%
Kolumbia 1
56%
Malta 1
56%
Azerbejdżan 2
54%
Kirgistan 2
51%
Tajlandia 3
51%
Wenezuela 1
51%
Uzbekistan 2
49%
Cypr 2
44%
Ekwador 1
44%
Haiti 2
44%
Nigeria 1
44%
Malezja 1
41%
Pakistan 1
41%
Filipiny 2
37%
Kenia 2
37%
Liban 2
37%
Singapur 1
37%
Benin 1
27%
Chińskie Tajpej 9
20%
Gwinea Bissau 1
20%
Trynidad i Tobago 7
20%
Madagaskar 2
17%
Hongkong 4
15%
Portoryko 1
15%
Erytrea 1
12%
Nie znaleziono quizów pasujących do podanych kryteriów
Rozkład punktacji
Procent ludzi z każdym wynikiem
Percentyl według liczby udzielonych odpowiedzi
Twoja historia wyników
Nie rozwiązałeś tego quizu